[Event "BCF-chT3Sa 1920 (4NCL)"]
[Site "England"]
[Date "2019.11.10"]
[Round "2.31"]
[White "Madden, Paul"]
[Black "Burrows, Martin P"]
[Result "1/2-1/2"]
[WhiteElo "2125"]
[BlackElo "2153"]
[PlyCount "39"]
[EventDate "2019.11.09"]
[EventType "team-tourn"]
[EventRounds "11"]
[EventCountry "ENG"]
[SourceTitle "EXT 2023"]
[Source "ChessBase"]
[SourceDate "2022.10.05"]
[SourceVersion "1"]
[SourceVersionDate "2022.10.05"]
[SourceQuality "1"]
[WhiteTeam "Ashfield"]
[BlackTeam "The Rookies"]
[WhiteTeamCountry "ENG"]
[BlackTeamCountry "ENG"]

1. e4 c5 2. f4 d5 3. exd5 Nf6 4. Bb5+ Bd7 5. Bxd7+ Qxd7 6. c4 e6 7. Qe2 Bd6 8. f5 0-0 9. fxe6 fxe6 10. dxe6 Qc7 11. Nf3 Nc6 12. Nc3 a6 13. Nd5 Nxd5 14. cxd5 Nb4 15. 0-0 Nxd5 16. d3 Rae8 17. Bg5 h6 18. e7 Nxe7 19. Qe6+ Kh8 20. Rae1 1/2-1/2

[Event "BCF-chT3N 1617 (4NCL)"]
[Site "England"]
[Date "2017.01.14"]
[Round "3.31"]
[White "Madden, Paul"]
[Black "Polaczek, Richard"]
[Result "0-1"]
[WhiteElo "2093"]
[BlackElo "2411"]
[PlyCount "70"]
[EventDate "2016.11.26"]
[EventType "team-swiss"]
[EventRounds "11"]
[EventCountry "ENG"]
[SourceTitle "EXT 2019"]
[Source "ChessBase"]
[SourceDate "2018.10.10"]
[SourceVersion "1"]
[SourceVersionDate "2018.10.10"]
[SourceQuality "1"]
[WhiteTeam "Ashfield Breadsall"]
[BlackTeam "Manchester Manticores"]
[WhiteTeamCountry "ENG"]
[BlackTeamCountry "ENG"]

1. e4 e5 2. Nf3 Nc6 3. Bc4 Nf6 4. d3 Be7 5. 0-0 0-0 6. Re1 d6 7. c3 h6 8. Nbd2 Nh7 9. d4 Ng5 10. h3 Kh8 11. Nxg5 Bxg5 12. Nf3 Bxc1 13. Rxc1 Qf6 14. b4 Ne7 15. Nh2 Ng6 16. Ng4 Qg5 17. Qf3 Nf4 18. Qe3 Be6 19. Bf1 a5 20. b5 Bxa2 21. h4 Qe7 22. d5 f5 23. c4 fxg4 24. Qa3 Qxh4 25. g3 Nh3+ 26. Bxh3 Qxh3 27. Qxa2 Rf3 28. c5 dxc5 29. Re2 Raf8 30. Qd2 b6 31. d6 cxd6 32. Qxd6 Rxf2 33. Rxf2 Qxg3+ 34. Rg2 Qe3+ 35. Kh2 Rf3 0-1

[Event "BCF-chT3Sb 1516 (4NCL)"]
[Site "England"]
[Date "2015.11.15"]
[Round "2.99"]
[White "Madden, Paul"]
[Black "Farkas, Daniel"]
[Result "1/2-1/2"]
[WhiteElo "2091"]
[BlackElo "2107"]
[PlyCount "85"]
[EventDate "2015.11.14"]
[EventType "team-swiss"]
[EventRounds "7"]
[EventCountry "ENG"]
[SourceTitle "CBM 169 Extra"]
[Source "ChessBase"]
[SourceDate "2015.12.18"]
[SourceVersion "1"]
[SourceVersionDate "2015.12.18"]
[SourceQuality "1"]

1. e4 c6 2. d4 d5 3. Nc3 dxe4 4. Nxe4 Bf5 5. Ng3 Bg6 6. h4 h6 7. Nf3 Nd7 8. Bc4 e6 9. Qe2 Ngf6 10. Ne5 Nxe5 11. dxe5 Nd5 12. h5 Bh7 13. 0-0 Be7 14. Rd1 Qc7 15. Bd3 Bxd3 16. Rxd3 0-0-0 17. a3 Nb6 18. Rf3 Rhf8 19. Bf4 Nd5 20. Bd2 Bh4 21. c4 Ne7 22. Ne4 Qxe5 23. Bf4 Qd4 24. c5 Rd5 25. Nd6+ Kd7 26. Be3 Qd3 27. Qxd3 Rxd3 28. Nxf7 Rd5 29. Nd6 Rxf3 30. gxf3 Nf5 31. Nxb7 Nxe3 32. fxe3 Rxh5 33. e4 Kc7 34. Nd6 Rxc5 35. Rd1 Rg5+ 36. Kf1 Rg3 37. Rd3 Bf6 38. Ne8+ Kb6 39. Nxf6 gxf6 40. Kf2 Rg7 41. Rd8 f5 42. exf5 exf5 43. Ke3 1/2-1/2